Universities And Colleges In Maharashtra (Record no. 300423)

MARC details
000 -LEADER
fixed length control field 00392nam a2200145Ia 4500
008 - FIXED-LENGTH DATA ELEMENTS--GENERAL INFORMATION
fixed length control field 230718s9999 xx 000 0 und d
041 ## - LANGUAGE CODE
Language code of text/sound track or separate title eng
082 ## - DEWEY DECIMAL CLASSIFICATION NUMBER
Classification number 711.54792
Item number DEO
100 ## - MAIN ENTRY--PERSONAL NAME
Personal name Deopujari U. P.
245 ## - TITLE STATEMENT
Title Universities And Colleges In Maharashtra
260 ## - PUBLICATION, DISTRIBUTION, ETC. (IMPRINT)
Date of publication, distribution, etc. 1997
Name of publisher, distributor, etc. Nagpur Law House
365 ## - TRADE PRICE
Currency code Rs.
Price amount 600.00
700 ## - ADDED ENTRY--PERSONAL NAME
Personal name Deopujari U. P.
906 ## - LOCAL DATA ELEMENT F, LDF (RLIN)
d B:88019-Jul-2000
c OTH
b 120
Holdings
Withdrawn status Lost status Damaged status Not for loan Home library Current library Date acquired Vendor Budget Code Cost, normal purchase price Bill number Total Checkouts Full call number Barcode Date last seen Discount Cost, replacement price Bill Date Koha item type Original Barcode
        Cummins College of Engineering for Women Pune Cummins College of Engineering for Women Pune 27/07/2000 Mbs OTH 480.00 880   711.54792 CCEP-BK-11629 18/07/2023 120 600.00 19/07/2000 Books 011629